书目信息 |
| 题名: |
外国古建筑二十讲
|
|
| 作者: | 陈志华 著 | |
| 分册: | ||
| 出版信息: | 北京 三联书店 2004 |
|
| 页数: | 350页 | |
| 开本: | 21cm | |
| 丛书名: | 中国文库 | |
| 单 册: | ||
| 中图分类: | TU-091.12 , TU-091.12 | |
| 科图分类: | ||
| 主题词: | 古建筑--建筑艺术--鉴赏--国外 | |
| 电子资源: | ||
| ISBN: | 7-108-02074-2 | |
| 000 | 00826oam2 2200265 450 | |
| 001 | 1532990179 | |
| 005 | 20150119091015.14 | |
| 010 | @a7-108-02074-2@dCNY68.00 | |
| 100 | @a20080504d2004 em y0chiy50 ea | |
| 101 | 0 | @achi |
| 102 | @aCN@b110000 | |
| 105 | @aa z 000yy | |
| 200 | 1 | @a外国古建筑二十讲@9wai guo gu jian zhu er shi jiang@f陈志华著 |
| 210 | @a北京@c三联书店@d2004 | |
| 215 | @a350页@c图@d21cm | |
| 225 | 2 | @a中国文库@i艺术类 |
| 308 | @a文库第一辑 | |
| 330 | @a本书以讲座的形式,基本按历史顺序,介绍19世纪新建筑运动开始之前的外国建筑,共20讲,分上、下两篇。 | |
| 461 | 0 | @12001 @a中国文库 |
| 606 | 0 | @a古建筑@x建筑艺术@x鉴赏@x国外 |
| 690 | @aTU-091.12@v5 | |
| 690 | @aTU-091.12@v4 | |
| 701 | 0 | @a陈志华@9chen zhi hua@f(1929~)@4著 |
| 801 | 0 | @aCN@bTSSF@c20150119 |
| 905 | @aZUCC@dTU-091.12@eJY30 | |
| 外国古建筑二十讲/陈志华著.-北京:三联书店,2004 |
| 350页:图;21cm.-(中国文库.艺术类) |
| ISBN 7-108-02074-2:CNY68.00 |
| 本书以讲座的形式,基本按历史顺序,介绍19世纪新建筑运动开始之前的外国建筑,共20讲,分上、下两篇。 |
| ● |
| 相关链接 |
|
|
|
|
正题名:外国古建筑二十讲
索取号:TU-091.12/JY30
 
预约/预借
| 序号 | 登录号 | 条形码 | 馆藏地/架位号 | 状态 | 备注 |
| 1 | 7849241 | 278492418 | 学院路分馆/ [索取号:TU-091.12/JY30] | 在馆 |